000 01467cam a2200217 4500
001 WB3915-25
008 030417n2003 000 0 eng u
035 _a(Sirsi) u122038
245 _aSustainable agricultural management of common land
260 _c2003
490 _aDEFRA News Release
_v(144/03) 16 April 2003 (2)
520 _aA report setting out the Stakeholder Working Group's recommendations for legislation in England and Wales to promote sustainable agricultural use and management of common land has been published. The report recommends the establishment of statutory commons associations with powers to regulate the agricultural use of one or more commons subject to the approval of the SoS or National Assembly and statutory regional advisory boards to advise the same on the confirmation or not of these regulations. The SoS and the National Assembly should have reserve powers to intervene in the unsustainable agricultural use of common land. A public consultation is expected in June 2003. The report is available at http://www.defra.gov.uk/wildlife-countryside/issues/common/legislation/stakeholder.htm. http://www.defra.gov.uk/news/2003/030416b.htm http://www.defra.gov.uk/news/2003/030416b.htm
590 _aWB
650 _aCOMMON LAND
650 _aCOMMONS ASSOCIATIONS
650 _aRIGHTS OF COMMON
650 _aSUSTAINABLE AGRICULTURE
650 _aLAND MANAGEMENT
690 _aRURAL-AGRICULTURE AND FORESTRY
942 _n0
999 _c72515
_d72515